000 00318nam a2200133Ia 4500
008 191201s2013 xx 000 0 und d
100 _aSILBERSCHATZ, Abraham
245 0 _aDatabase System Concepts
250 _a6th
260 _aNew Delhi
_bTMH
_c2013
300 _a1349
650 _aM.Tech(CSE)
942 _2ddc
_cBK
_03
999 _c5989
_d5989